[Event "Haninge"]
[Site "Haninge"]
[Date "1988.??.??"]
[Round "?"]
[White "Pinter, Jozsef"]
[Black "Agdestein, Simen"]
[Result "0-1"]
[WhiteElo "2570"]
[BlackElo "2560"]
[PlyCount "80"]
[EventDate "1988.05.??"]
[Source "ChessBase"]

1. d4 e6 2. c4 f5 3. g3 Nf6 4. Bg2 d5 5. Nh3 Be7 6. O-O O-O 7. Nf4 c6 8. Qc2 Ne4 9. Nd2 Bf6 10. e3 Nd6 11. b3 g5 12. Nd3 Nf7 13. Bb2 Re8 14. Rad1 Nd7 15. Kh1 Nf8 16. Ne5 Ng6 17. f4 Qe7 18. Nxf7 Qxf7 19. fxg5 Bxg5 20. e4 Bf6 21. Rde1 dxe4 22. Bxe4 Bd7 23. Bg2 Qg7 24. Nf3 c5 25. Rd1 Rad8 26. Ba1 b6 27. Rfe1 Bc6 28. d5 exd5 29. cxd5 Rxe1+ 30. Nxe1 Bb7 31. Bxf6 Qxf6 32. Qd2 f4 33. Qf2 Qg5 34. Nf3 fxg3 35. Qe1 Qf6 36. Qxg3 Bxd5 37. Qc7 Nf4 38. Rf1 Nxg2 39. Kxg2 Bxf3+ 40. Rxf3 Rd2+ 0-1

[Event "Lyon"]
[Site "Lyon"]
[Date "1988.??.??"]
[Round "?"]
[White "Ftacnik, Lubomir"]
[Black "Agdestein, Simen"]
[Result "1/2-1/2"]
[WhiteElo "2570"]
[BlackElo "2560"]
[PlyCount "98"]
[EventDate "1988.04.??"]
[Source "ChessBase"]

1. d4 e6 2. c4 f5 3. g3 Nf6 4. Bg2 d5 5. Nh3 Be7 6. O-O O-O 7. b3 Ne4 8. Ba3 dxc4 9. e3 Bxa3 10. Nxa3 cxb3 11. axb3 Bd7 12. Qc2 Bc6 13. Nf4 Qe7 14. Rfd1 Rd8 15. Nc4 Nf6 16. Na5 Bxg2 17. Kxg2 c6 18. Qc5 Re8 19. Qxe7 Rxe7 20. Rdc1 Ne8 21. Nc4 Nd7 22. Nd3 a6 23. Ra2 Rb8 24. f4 Nef6 25. Kf3 Ne4 26. g4 c5 27. gxf5 exf5 28. dxc5 Nexc5 29. Nxc5 Nxc5 30. b4 Ne4 31. Rac2 Rd8 32. Ne5 g5 33. h3 h5 34. Rc8 g4+ 35. hxg4 hxg4+ 36. Ke2 Ree8 37. Rxd8 Rxd8 38. Rc2 Kf8 39. Ke1 Nd6 40. Rc7 Rc8 41. Rh7 Kg8 42. Rd7 Ne4 43. Ng6 Rc1+ 44. Ke2 g3 45. Nh4 Rh1 46. Nxf5 g2 47. Rg7+ Kf8 48. Rxg2 Rb1 49. Kd3 Rxb4 1/2-1/2

[Event "New York Open"]
[Site "New York, NY USA"]
[Date "1990.??.??"]
[Round "7"]
[White "Dlugy, Maxim"]
[Black "Tukmakov, Vladimir B"]
[Result "1/2-1/2"]
[WhiteElo "2525"]
[BlackElo "2570"]
[PlyCount "41"]
[EventDate "1990.04.??"]
[Source "www.chesslib.no"]
[SourceDate "2004.05.04"]

1. c4 f5 2. d4 e6 3. g3 Nf6 4. Bg2 c6 5. Nh3 d5 6. O-O Be7 7. b3 Na6 8. Bb2 O-O 9. Nd2 Bd7 10. Nf3 Be8 11. Nf4 Nc7 12. Qc1 Ne4 13. Nd3 Bh5 14. e3 g5 15. Nfe5 Be2 16. Re1 Bxd3 17. Nxd3 g4 18. Ba3 Ng5 19. Bxe7 Qxe7 20. Nf4 Ne8 21. a4 1/2-1/2

[Event "Pamplona"]
[Site "Pamplona"]
[Date "1992.??.??"]
[Round "5"]
[White "Sokolov, Ivan"]
[Black "Romero Holmes, Alfonso"]
[Result "1-0"]
[WhiteElo "2625"]
[BlackElo "2470"]
[PlyCount "87"]
[EventDate "1992.12.??"]
[Source "ChessBase"]

1. d4 e6 2. c4 f5 3. g3 Nf6 4. Bg2 Be7 5. Nh3 d6 6. b3 c6 7. Bb2 Qc7 8. Nc3 O-O 9. O-O e5 10. d5 h6 11. Kh1 c5 12. f4 Ng4 13. fxe5 dxe5 14. d6 Qxd6 15. Qxd6 Bxd6 16. Nb5 Be7 17. Nc7 Bd8 18. Nxa8 Na6 19. a3 e4 20. Nf4 b6 21. Nd5 Bb7 22. h3 Bxd5 23. cxd5 Bf6 24. Bxf6 Nxf6 25. Rxf5 Rxa8 26. Re5 Nc7 27. Bxe4 Nb5 28. Bg2 Rd8 29. e3 Nd6 30. e4 Nb5 31. Re7 Kf8 32. Rb7 Rd7 33. Rb8+ Ke7 34. Rd1 Nd4 35. b4 Kd6 36. bxc5+ bxc5 37. Rc8 Re7 38. Re1 Nd7 39. Rd8 Ke5 40. Rb1 Nf6 41. Rbb8 Ne2 42. Kh2 Nc3 43. Rbc8 Na4 44. Rc6 1-0

[Event "Ch (Men) San Luis ARG"]
[Site "?"]
[Date "2006.05.02"]
[Round "7"]
[White "Peralta Fernando"]
[Black "Campora Daniel Hugo"]
[Result "0-1"]
[WhiteElo "2524"]
[BlackElo "2552"]
[PlyCount "152"]
[EventDate "2006.??.??"]
[Source "www.chesslib.no"]
[SourceDate "2004.05.04"]

1. d4 f5 2. g3 Nf6 3. Bg2 e6 4. c4 d5 5. Nh3 c6 6. Qc2 Be7 7. O-O O-O 8. Nd2 Ne4 9. Nf4 Bf6 10. Nf3 Qe8 11. Nd3 Nd7 12. a4 g5 13. Nfe5 Nd6 14. b3 Nf7 15. Ba3 Be7 16. Bxe7 Qxe7 17. Nxf7 Qxf7 18. b4 f4 19. gxf4 gxf4 20. Kh1 Kh8 21. Rg1 Qf6 22. Qc3 dxc4 23. Qxc4 e5 24. a5 exd4 25. Rad1 Rd8 26. Qc1 Ne5 27. Qxf4 Qxf4 28. Nxf4 Bf5 29. Bh3 Bxh3 30. Nxh3 d3 31. exd3 Nxd3 32. Rg4 Rd5 33. Rd2 Rf8 34. Kg1 Nxb4 35. Re2 Rd1+ 36. Kg2 Nd5 37. a6 b5 38. Rc2 Rf6 39. Re2 Rg6 40. Re8+ Kg7 41. Rxg6+ Kxg6 42. Ra8 Ra1 43. Rxa7 Nb4 44. Nf4+ Kh6 45. h4 Rxa6 46. Rc7 Rb6 47. Ne6 Nd5 48. Rd7 Nf6 49. Rd6 b4 50. Nc5 Kg7 51. Na4 Rb7 52. Rxc6 b3 53. Nb2 Rb4 54. Rc4 Rxc4 55. Nxc4 Kg6 56. Kf3 Kh5 57. Ke3 Kxh4 58. Kd3 Nd5 59. Nd2 b2 60. Kc2 Kg4 61. Kxb2 h5 62. Kc2 h4 63. Kd1 h3 64. Nf1 Kf3 65. Ke1 Kg2 66. Ke2 Nf4+ 67. Ke1 Nd3+ 68. Ke2 Nf4+ 69. Ke1 Nd3+ 70. Ke2 Nxf2 71. Ne3+ Kg1 72. Nf1 Ng4 73. Ng3 h2 74. Nh1 Kg2 75. Ke1 Ne5 76. Ke2 Nd3 0-1

[Event "Szirak"]
[Site "?"]
[Date "1986.??.??"]
[Round "?"]
[White "Garcia Palermo, C."]
[Black "Psakhis, L."]
[Result "1-0"]
[WhiteElo "2515"]
[BlackElo "2555"]
[PlyCount "93"]
[EventDate "1986.??.??"]
[Source "ChessBase"]
[SourceDate "1986.07.01"]

1. d4 e6 2. c4 f5 3. g3 Nf6 4. Bg2 Be7 5. Nc3 O-O 6. Bg5 c6 7. Nf3 d5 8. e3 Bd7 9. Ne5 Be8 10. Qb3 Qb6 11. O-O Qxb3 12. axb3 Kh8 13. Ne2 h6 14. Bxf6 Rxf6 15. b4 Na6 16. b5 Nb4 17. Rfc1 a5 18. b6 dxc4 19. Nxc4 a4 20. Nc3 c5 21. Bxb7 Rb8 22. Bg2 cxd4 23. exd4 Nd3 24. Rd1 Nb4 25. Rd2 Bd8 26. Nxa4 Nd5 27. Bxd5 exd5 28. Ne3 Bc6 29. Nc3 Rd6 30. Nxf5 Rd7 31. Ra7 Bxb6 32. Rxd7 Bxd7 33. Ne3 Bc6 34. Nexd5 Ba5 35. b4 Bxb4 36. Nxb4 Rxb4 37. d5 Bd7 38. f3 Kg8 39. Kf2 Kf7 40. Ne4 Bb5 41. Nd6+ Ke7 42. Nxb5 Rxb5 43. d6+ Kd7 44. Ke3 Re5+ 45. Kf4 Re6 46. Rd5 Rf6+ 47. Kg4 1-0

[Event "BL2-W9899"]
[Site "Germany"]
[Date "1999.04.18"]
[Round "9.1"]
[White "Dautov, Rustem"]
[Black "Piskov, Yury"]
[Result "1-0"]
[WhiteElo "2598"]
[BlackElo "2460"]
[PlyCount "76"]
[EventDate "1998.10.??"]
[Source "www.chesslib.no"]
[SourceDate "2004.05.04"]

1. d4 e6 2. c4 f5 3. g3 Nf6 4. Bg2 Be7 5. Nf3 c6 6. O-O O-O 7. b3 a5 8. Nc3 Ne4 9. Bb2 Nxc3 10. Bxc3 d5 11. e3 Nd7 12. a3 b6 13. Nd2 Bb7 14. b4 Bd6 15. Qb3 a4 16. Qb2 Qe7 17. b5 c5 18. cxd5 Bxd5 19. e4 fxe4 20. Nxe4 Bxe4 21. Bxe4 Rac8 22. d5 c4 23. dxe6 Nc5 24. Qc2 h6 25. Rad1 Nd3 26. Bxd3 cxd3 27. Rxd3 Qxe6 28. Qxa4 Bc5 29. Qd1 Qc4 30. Ba1 Rf7 31. a4 Rcf8 32. Rd2 Rf3 33. Bd4 Bb4 34. Rc2 Qf7 35. Bxb6 h5 36. Rc7 Qg6 37. Qd5+ Kh7 38. Bd4 R8f5 1-0

[Event "Thessaloniki GRE"]
[Site "?"]
[Date "1988.11.29"]
[Round "14"]
[White "Yrjola Jouni"]
[Black "Agdestein Simen NOR"]
[Result "1/2-1/2"]
[WhiteElo "2455"]
[BlackElo "2595"]
[PlyCount "97"]
[EventDate "1988.??.??"]
[Source "www.chesslib.no"]
[SourceDate "2004.05.04"]

1. d4 e6 2. c4 f5 3. g3 Nf6 4. Bg2 d5 5. Nh3 Be7 6. O-O O-O 7. Qc2 Ne4 8. Nf4 g5 9. Nd3 Nc6 10. e3 Bf6 11. b3 Ne7 12. Bb2 Bd7 13. f3 Nd6 14. Nd2 Nc6 15. Ne5 Bg7 16. e4 dxc4 17. Nxc6 Bxc6 18. bxc4 g4 19. fxg4 fxg4 20. Rxf8+ Qxf8 21. c5 Nf7 22. Rf1 Qe7 23. Nb3 Bb5 24. Rd1 Ng5 25. d5 exd5 26. Bxg7 Qxg7 27. Nd4 Bd7 28. exd5 Rf8 29. Qb3 Kh8 30. Qe3 Re8 31. Qf4 Qe7 32. d6 cxd6 33. cxd6 Qg7 34. Nf5 Qf6 35. Ne7 Qxf4 36. gxf4 Nf7 37. f5 Kg7 38. Bxb7 Kf6 39. Nd5+ Kxf5 40. Nc7 Rb8 41. Rf1+ Kg6 42. Be4+ Kg7 43. Bxh7 Nxd6 44. Bc2 Rb2 45. Bb3 Nf5 46. Rf4 Rb1+ 47. Kf2 Rb2+ 48. Kg1 Rb1+ 49. Kf2 1/2-1/2

[Event "Sochi"]
[Site "?"]
[Date "1988.??.??"]
[Round "?"]
[White "Dokhoian, Y."]
[Black "Vaiser, A."]
[Result "1-0"]
[WhiteElo "2520"]
[BlackElo "2530"]
[PlyCount "109"]
[EventDate "1988.??.??"]
[Source "ChessBase"]
[SourceDate "1988.07.01"]

1. d4 e6 2. c4 f5 3. g3 Nf6 4. Bg2 d5 5. Nh3 c6 6. O-O Be7 7. b3 b5 8. Ba3 O-O 9. Nf4 b4 10. Bb2 a5 11. a3 Na6 12. axb4 Nxb4 13. Nc3 Bd6 14. Na4 g5 15. Nd3 Nxd3 16. exd3 f4 17. Re1 Ra7 18. Re5 Bxe5 19. dxe5 Ne8 20. Bd4 Rb7 21. Nc5 Rb8 22. Bc3 fxg3 23. hxg3 Ra8 24. Qd2 Qe7 25. d4 Ng7 26. b4 Bd7 27. bxa5 Rfb8 28. Nxd7 Qxd7 29. cxd5 cxd5 30. Qxg5 Rb3 31. Bd2 Rd3 32. Be3 Qd8 33. Qg4 Rxe3 34. fxe3 Rxa5 35. Rf1 Ra7 36. Rf6 Qe8 37. e4 dxe4 38. Bxe4 Ra1+ 39. Kg2 Qb5 40. Qf3 Qb4 41. Rf8+ Qxf8 42. Bxh7+ Kxh7 43. Qxf8 Rd1 44. Qd8 Nf5 45. Qd7+ Ng7 46. g4 Rd2+ 47. Kg3 Rd1 48. Qd8 Rf1 49. Qf6 Rd1 50. Qf2 Rc1 51. Kh4 Rc7 52. Qf3 Kg8 53. Qa8+ Kf7 54. Qd8 Re7 55. Kg5 1-0

[Event "XIX Czech Chladek & Tintera A Open"]
[Site "Pardubice CEC"]
[Date "2008.07.26"]
[Round "9"]
[White "Arutinian, D."]
[Black "Haub, TM."]
[Result "1/2-1/2"]
[WhiteElo "2586"]
[BlackElo "2460"]
[PlyCount "137"]
[EventDate "2008.07.18"]
[Source "www.chesslib.no"]
[SourceDate "2004.05.04"]

1. d4 e6 2. c4 f5 3. g3 Nf6 4. Bg2 Be7 5. Nd2 O-O 6. Qc2 Nc6 7. Ngf3 d6 8. O-O Kh8 9. e4 e5 10. d5 Nb4 11. Qc3 a5 12. exf5 Bxf5 13. a3 Nd3 14. Nh4 Nxc1 15. Raxc1 Bd7 16. c5 Bb5 17. Rfe1 Nd7 18. cxd6 cxd6 19. Ne4 Nf6 20. Qb3 Nxe4 21. Bxe4 Bd7 22. Nf3 b5 23. Qd3 g6 24. Qe3 Rf7 25. h4 Bg4 26. Nh2 Bd7 27. Rc2 Qb8 28. Nf3 Qa7 29. Qh6 Bf5 30. Bxf5 Rxf5 31. Qe3 Qd7 32. Nd4 exd4 33. Qxe7 Qxe7 34. Rxe7 d3 35. Rd2 Rxd5 36. Re3 Rc8 37. Rexd3 Rxd3 38. Rxd3 Rc2 39. Rb3 Rc5 40. Kf1 Kg7 41. Ke2 Kf6 42. Rf3+ Ke6 43. Kd2 b4 44. axb4 axb4 45. b3 Rc7 46. Rf4 Rb7 47. Re4+ Kd5 48. Rc4 Ke5 49. Kd3 Kd5 50. Rc1 Ra7 51. Rc4 Rb7 52. f3 Ke5 53. h5 g5 54. Re4+ Kd5 55. h6 Rf7 56. Ke3 Kc5 57. Rc4+ Kb5 58. Rc8 Re7+ 59. Kd4 Rf7 60. Ke4 d5+ 61. Ke3 Rf6 62. Rg8 Kc5 63. Rxg5 Rxh6 64. Rg8 Rh1 65. Rc8+ Kd6 66. Rb8 Kc5 67. Rc8+ Kd6 68. Rb8 Kc5 69. Rc8+ 1/2-1/2

[Event "Helsinki"]
[Site "Helsinki"]
[Date "1986.??.??"]
[Round "7"]
[White "Dorfman, Josif D"]
[Black "Karlsson, Lars"]
[Result "1/2-1/2"]
[WhiteElo "2520"]
[BlackElo "2520"]
[PlyCount "52"]
[EventDate "1986.05.??"]
[Source "ChessBase"]

1. d4 e6 2. c4 f5 3. g3 Nf6 4. Bg2 d5 5. Nh3 Be7 6. O-O O-O 7. b3 Nc6 8. Bb2 Ne4 9. f3 Ng5 10. Nf2 Bf6 11. e3 b6 12. Nc3 Ba6 13. Re1 Ne7 14. cxd5 exd5 15. Rc1 Rc8 16. Rc2 Qe8 17. e4 dxe4 18. fxe4 fxe4 19. Nfxe4 Qd7 20. Nxf6+ Rxf6 21. Rxe7 Qxe7 22. Nd5 Qf7 23. Nxf6+ Qxf6 24. d5 Qe7 25. h4 Ne4 26. Qd4 Nc5 1/2-1/2

[Event "Karpov sim"]
[Site "Valkeakoski"]
[Date "1997.??.??"]
[Round "?"]
[White "Karpov, Anatoly"]
[Black "Pessi, Juha"]
[Result "1/2-1/2"]
[WhiteElo "2760"]
[BlackElo "2245"]
[PlyCount "76"]
[EventDate "1997.??.??"]
[Source "www.chesslib.no"]
[SourceDate "2004.05.04"]

1. c4 f5 2. d4 Nf6 3. g3 e6 4. Bg2 Be7 5. d5 e5 6. Nc3 d6 7. e4 O-O 8. Qc2 fxe4 9. Nxe4 Bf5 10. Nxf6+ Rxf6 11. Be4 Bxe4 12. Qxe4 Nd7 13. Be3 Rf7 14. f3 Bg5 15. Bf2 Qf6 16. h4 Bh6 17. g4 Bf4 18. g5 Qf5 19. Qxf5 Rxf5 20. Ne2 Nc5 21. Bxc5 dxc5 22. Nc3 Be3 23. Ke2 Bd4 24. Ne4 Raf8 25. Rh3 Rf4 26. Rf1 a6 27. b3 b5 28. Rc1 b4 29. h5 a5 30. g6 h6 31. Rd1 Ra8 32. d6 cxd6 33. Nxd6 a4 34. Nb5 axb3 35. axb3 Ra2+ 36. Rd2 Ra1 37. Rd1 Ra2+ 38. Rd2 Ra1 1/2-1/2

[Event "Sibenik"]
[Site "?"]
[Date "2006.10.01"]
[Round "10.4"]
[White "Jankovic Alojzije"]
[Black "Mohr Georg"]
[Result "0-1"]
[WhiteElo "2525"]
[BlackElo "2478"]
[PlyCount "90"]
[EventDate "2006.??.??"]
[Source "www.chesslib.no"]
[SourceDate "2004.05.04"]

1. d4 e6 2. c4 f5 3. g3 Nf6 4. Bg2 Be7 5. Nh3 O-O 6. Nf4 d6 7. Nc3 e5 8. dxe5 dxe5 9. Nfd5 c6 10. Nxe7+ Qxe7 11. Qc2 Be6 12. b3 Nbd7 13. O-O Rac8 14. e4 fxe4 15. Nxe4 Bf5 16. Nxf6+ Qxf6 17. Qd2 b6 18. Bb2 Qe6 19. Rad1 e4 20. f3 e3 21. Qd4 Rf7 22. Rfe1 Re8 23. Bf1 Nc5 24. Qd6 Qc8 25. Be2 Bc2 26. Rc1 Rd7 27. Qf4 Bd3 28. b4 Bxe2 29. bxc5 Rf7 30. Qd4 Bxf3 31. Rxe3 Rxe3 32. Qxe3 Qh3 33. Rc2 Qf5 34. Rf2 bxc5 35. Qe8+ Rf8 36. Qe5 Qg6 37. Qe3 Qb1+ 38. Qc1 Qe4 39. Qg5 Qb1+ 40. Qc1 Qf5 41. Qc3 Qg4 42. Qe5 h5 43. h4 Kh7 44. Kh2 Be4 45. Qxc5 Qd1 0-1

[Event "Elista ol (Men)"]
[Site "Elista"]
[Date "1998.10.06"]
[Round "8"]
[White "Miezis, Normunds"]
[Black "Shovunov, Baatr"]
[Result "0-1"]
[WhiteElo "2515"]
[BlackElo "2470"]
[PlyCount "96"]
[EventDate "1998.09.29"]
[Source "ChessBase"]
[SourceDate "1998.11.06"]

1. c4 f5 2. Nc3 Nf6 3. g3 e6 4. Bg2 Be7 5. d4 d5 6. Nh3 c6 7. cxd5 exd5 8. O-O O-O 9. Nf4 Kh8 10. Na4 Na6 11. Nd3 Nc7 12. Rb1 Ne6 13. Nf4 Ne4 14. Nxe6 Bxe6 15. f3 Nd6 16. Nc5 Bg8 17. Bf4 b6 18. Nd3 Bf6 19. Be5 Nc4 20. Qc1 Bxe5 21. Nxe5 Nxe5 22. dxe5 c5 23. f4 d4 24. b3 Bd5 25. Bxd5 Qxd5 26. Qc4 Qe4 27. Qd3 Rac8 28. Rbc1 Rfd8 29. Rfd1 g6 30. Kf2 Rc7 31. Rd2 g5 32. Qxe4 fxe4 33. e3 d3 34. a4 a6 35. Ra2 b5 36. axb5 axb5 37. e6 c4 38. bxc4 bxc4 39. Rca1 c3 40. Ke1 gxf4 41. gxf4 c2 42. Kd2 Rg8 43. Ra8 Rxa8 44. Rxa8+ Kg7 45. Ra1 Kf6 46. Rg1 Kxe6 47. h3 Rb7 48. Re1 Rb1 0-1

[Event "Corr"]
[Site "?"]
[Date "1998.??.??"]
[Round "?"]
[White "Mercadal Benejam Josep"]
[Black "Aleshnia Valery Valentinovic"]
[Result "1/2-1/2"]
[WhiteElo "2515"]
[BlackElo "2460"]
[PlyCount "103"]
[EventDate "1998.??.??"]
[Source "www.chesslib.no"]
[SourceDate "2004.05.04"]

1. d4 f5 2. g3 Nf6 3. Bg2 e6 4. c4 Be7 5. Nh3 O-O 6. O-O d6 7. Nc3 c6 8. Qb3 Na6 9. Ng5 e5 10. dxe5 Nc5 11. exf6 gxf6 12. Qc2 fxg5 13. b4 Ne6 14. e3 Bd7 15. Rd1 Qc7 16. Bb2 Be8 17. Qe2 Ng7 18. Qd3 Bg6 19. Qd4 Rf7 20. b5 Bf8 21. bxc6 bxc6 22. Nb5 Qb7 23. Qd2 Ne8 24. Nd4 Rc8 25. Bc3 Qa6 26. Bf1 Qb7 27. e4 fxe4 28. Bh3 h6 29. Be6 Ng7 30. Rab1 Qa6 31. Bxc8 Qxc8 32. Rb2 Qh3 33. Qe1 Qd7 34. Rb8 Kh7 35. Rdb1 c5 36. Nc2 Qe6 37. Ne3 Nf5 38. Nxf5 Bxf5 39. Rc1 Bg4 40. a4 h5 41. a5 h4 42. Qe3 Kg6 43. Bd2 Be7 44. Re1 Bf3 45. Qd3 hxg3 46. fxg3 Bf6 47. Qc2 Be5 48. Be3 Rh7 49. Rf1 Qf7 50. Rg8+ Qxg8 51. Rxf3 d5 52. Bxc5 1/2-1/2

[Event "Budapest Texta"]
[Site "?"]
[Date "1988.??.??"]
[Round "?"]
[White "Farago, I."]
[Black "Klinger, J."]
[Result "1/2-1/2"]
[WhiteElo "2480"]
[BlackElo "2475"]
[PlyCount "66"]
[EventDate "1988.??.??"]
[Source "www.chesslib.no"]
[SourceDate "2004.05.04"]

1. d4 e6 2. c4 f5 3. g3 Nf6 4. Bg2 d5 5. Nh3 c6 6. O-O Be7 7. Qc2 O-O 8. Nd2 b6 9. Nf3 Ne4 10. Nf4 Bd6 11. Nd3 Bb7 12. Be3 Nd7 13. b4 Qe7 14. c5 Bc7 15. Nfe5 Nxe5 16. dxe5 bxc5 17. bxc5 a5 18. Qc1 h6 19. h4 Ba6 20. Rb1 Rab8 21. Rxb8 Bxb8 22. h5 Qf7 23. Bf3 Ng5 24. Bxg5 hxg5 25. Qxg5 Bxd3 26. exd3 Bxe5 27. Rb1 Bd4 28. Rb6 Qc7 29. h6 Qe5 30. Qxg7+ Qxg7 31. hxg7 Rc8 32. Rb7 Bxg7 33. Bh5 Bd4 1/2-1/2

[Event "FRA"]
[Site "France"]
[Date "1993.??.??"]
[Round "?"]
[White "Dorfman, Josif D"]
[Black "Peyrat, Olivier"]
[Result "1-0"]
[WhiteElo "2580"]
[BlackElo "2370"]
[PlyCount "75"]
[EventDate "1993.??.??"]
[Source "www.chesslib.no"]
[SourceDate "2004.05.04"]

1. d4 e6 2. c4 f5 3. g3 Nf6 4. Bg2 c6 5. Nh3 d5 6. Qc2 Be7 7. O-O O-O 8. b3 b5 9. Rd1 a5 10. Nf4 Na6 11. a3 Bd7 12. Nd2 a4 13. c5 axb3 14. Nxb3 Nc7 15. Nd3 Be8 16. Bd2 Ne4 17. Ba5 Bf6 18. e3 Qe7 19. f3 Ng5 20. Rf1 Bg6 21. Qd2 Rae8 22. Ne5 Bxe5 23. dxe5 Nf7 24. f4 Bh5 25. Nd4 Qd7 26. Rfb1 Na6 27. Bb6 g5 28. a4 b4 29. Bf1 Ra8 30. Bd3 Qc8 31. Qf2 Kh8 32. Qf1 gxf4 33. exf4 Nb8 34. Rxb4 Nh6 35. a5 Bg4 36. a6 Re8 37. a7 Nd7 38. Ba6 1-0

[Event "Meurthe et Moselle GM"]
[Site "Nancy FRA"]
[Date "2007.02.22"]
[Round "5"]
[White "Wirig, A."]
[Black "Sikula, V."]
[Result "1/2-1/2"]
[WhiteElo "2433"]
[BlackElo "2515"]
[PlyCount "101"]
[EventDate "2007.02.19"]
[Source "www.chesslib.no"]
[SourceDate "2004.05.04"]

1. d4 f5 2. g3 Nf6 3. Bg2 e6 4. c4 Be7 5. Nh3 d6 6. O-O O-O 7. b3 c6 8. Bb2 Qc7 9. Nd2 e5 10. c5 e4 11. cxd6 Bxd6 12. Nc4 Be7 13. Qc1 Nbd7 14. Ba3 Nb6 15. e3 Nbd5 16. Bxe7 Qxe7 17. Ne5 Nd7 18. Nxd7 Bxd7 19. Nf4 Nxf4 20. gxf4 Be8 21. f3 exf3 22. Rxf3 Bf7 23. Rg3 Bd5 24. Qc2 Bxg2 25. Qxg2 Rf7 26. Rc1 Re8 27. Rc5 Qe4 28. Qxe4 Rxe4 29. Kf2 Rf6 30. Ra5 a6 31. b4 Re7 32. Ke2 Kf7 33. Rg5 g6 34. Rg3 Rd6 35. Kd3 Rd5 36. Rc5 Red7 37. Rg1 R7d6 38. Rgc1 Rd8 39. a4 Ke6 40. h4 Rxc5 41. bxc5 Kd5 42. Rb1 Rd7 43. Rg1 Ke6 44. Kc4 Re7 45. Rg2 Kf6 46. Rg3 a5 47. Kd3 Re8 48. Rg1 Re7 49. Rg2 Rd7 50. Rg1 Re7 51. Rg2 1/2-1/2

[Event "Troll Masters"]
[Site "Gausdal"]
[Date "1996.??.??"]
[Round "3"]
[White "Ward, Christopher"]
[Black "Schmittdiel, Eckhard"]
[Result "1/2-1/2"]
[WhiteElo "2505"]
[BlackElo "2430"]
[PlyCount "40"]
[EventDate "1996.??.??"]
[Source "ChessBase"]

1. d4 e6 2. c4 f5 3. g3 Nf6 4. Bg2 c6 5. Nh3 d5 6. O-O Be7 7. Nd2 O-O 8. Nf3 Ne4 9. Qc2 Nd7 10. Nf4 Rf6 11. Nd3 h6 12. Nfe5 Nxe5 13. Nxe5 Bd6 14. b3 Bd7 15. Bb2 Be8 16. e3 h5 17. f3 Ng5 18. h4 Nf7 19. Nxf7 Rxf7 20. f4 b5 1/2-1/2

[Event "North American Open"]
[Site "Las Vegas"]
[Date "2003.12.28"]
[Round "4"]
[White "Kiriakov, Petr"]
[Black "Muhammad, Stephen A"]
[Result "0-1"]
[WhiteElo "2555"]
[BlackElo "2377"]
[PlyCount "88"]
[EventDate "2003.12.26"]
[Source "Roberto Alvarez"]
[SourceDate "2004.01.05"]

1. d4 f5 2. g3 Nf6 3. Bg2 e6 4. c4 Be7 5. Nf3 d5 6. O-O c6 7. Nbd2 Nbd7 8. Qc2 Ne4 9. Ne1 Bf6 10. Ndf3 O-O 11. Nd3 dxc4 12. Qxc4 Nb6 13. Qb4 a5 14. Qb3 a4 15. Qd1 a3 16. Qb3 axb2 17. Bxb2 Na4 18. Rfc1 c5 19. Ba3 Bxd4 20. Nxd4 Qxd4 21. e3 Qf6 22. f4 Nac3 23. Bxe4 Ne2+ 24. Kf2 Nxc1 25. Rxc1 fxe4 26. Nxc5 Qf5 27. Bb2 Qd5 28. Qc3 e5 29. Rc2 b6 30. Nb3 Qd3 31. Nc1 Qxc3 32. Rxc3 Rd8 33. Rc2 exf4 34. gxf4 Be6 35. Ke1 Bg4 36. Bd4 Rdc8 37. Rxc8+ Rxc8 38. Kd2 Rc6 39. a4 Rh6 40. Kc3 Rxh2 41. Nb3 Bd1 42. Nd2 Bxa4 43. Nxe4 b5 44. f5 h5 0-1

[Event "Villa Martelli"]
[Site "Villa Martelli"]
[Date "1997.??.??"]
[Round "7"]
[White "Hoffman, Alejandro"]
[Black "Ginzburg, Maximiliano"]
[Result "0-1"]
[WhiteElo "2480"]
[BlackElo "2450"]
[PlyCount "80"]
[EventDate "1997.06.01"]
[Source "ChessBase"]
[SourceDate "1997.10.13"]

1. d4 f5 2. g3 Nf6 3. Bg2 e6 4. c4 d5 5. Nh3 c6 6. Qc2 Be7 7. O-O O-O 8. b3 Na6 9. Bb2 h6 10. Nf4 Qe8 11. a3 g5 12. Nd3 Qg6 13. Ne5 Qg7 14. b4 Nc7 15. Nc3 Nd7 16. Rad1 Nxe5 17. dxe5 Rd8 18. b5 Qf8 19. bxc6 bxc6 20. cxd5 cxd5 21. e4 Ba6 22. exd5 Bxf1 23. Kxf1 exd5 24. Nxd5 Rac8 25. Ne3 Rxd1+ 26. Qxd1 Bc5 27. Qb3+ Kh7 28. Ng4 Ne8 29. Nf6+ Nxf6 30. exf6 Rb8 31. Qc2 Qc8 32. Be5 Bxa3 33. Bc6 Rb6 34. Qa2 Kg6 35. Bd5 Bd6 36. Bf7+ Kh7 37. Bxd6 Rxd6 38. Bc4 Qb7 39. f4 Qh1+ 40. Ke2 Qg2+ 0-1

[Event "Muenster Open"]
[Site "Muenster GER"]
[Date "1990.??.??"]
[Round "6"]
[White "Gutman, Lev"]
[Black "Naumkin, Igor"]
[Result "1/2-1/2"]
[WhiteElo "2475"]
[BlackElo "2455"]
[PlyCount "73"]
[EventDate "1990.??.??"]
[Source "www.chesslib.no"]
[SourceDate "2004.05.04"]

1. d4 e6 2. c4 f5 3. g3 Nf6 4. Bg2 Be7 5. Nd2 O-O 6. Qc2 d6 7. Ngf3 Nc6 8. a3 e5 9. d5 Nb8 10. e4 f4 11. gxf4 exf4 12. b3 Ng4 13. Bb2 Bf6 14. h3 Nh6 15. h4 Nd7 16. Bh3 Bxb2 17. Qxb2 Ne5 18. Qd4 Bxh3 19. Rxh3 Nhg4 20. b4 Nd7 21. Ng5 Qf6 22. Qxf6 Rxf6 23. Ne6 c6 24. Ke2 Nge5 25. Rg1 Rf7 26. h5 cxd5 27. cxd5 Rc8 28. Nd4 Nb6 29. Nb5 f3+ 30. Ke3 Nbc4+ 31. Nxc4 Nxc4+ 32. Kd3 a6 33. Nd4 Ne5+ 34. Kd2 Nc4+ 35. Kd3 Ne5+ 36. Kd2 Nc4+ 37. Kd3 1/2-1/2

[Event "URS Ch otbor56"]
[Site "Uzhgorod"]
[Date "1988.??.??"]
[Round "?"]
[White "Ruban, Vadim"]
[Black "Vaisser, Anatoli V"]
[Result "1/2-1/2"]
[WhiteElo "2395"]
[BlackElo "2530"]
[PlyCount "84"]
[EventDate "1988.??.??"]
[Source "www.chesslib.no"]
[SourceDate "2004.05.04"]

1. d4 e6 2. c4 f5 3. g3 Nf6 4. Bg2 Be7 5. Nf3 d5 6. O-O c6 7. Bg5 O-O 8. Nc3 Nbd7 9. e3 Ne4 10. Bxe7 Qxe7 11. Rc1 Kh8 12. a3 Nd6 13. cxd5 exd5 14. Ne2 g5 15. Rc2 Ne4 16. Nc1 Ndf6 17. Nd3 Bd7 18. Nfe5 Be8 19. f3 Nd6 20. Qe1 Rg8 21. Qb4 Rg7 22. a4 Bg6 23. Re1 Rag8 24. Qc5 a6 25. Nxg6+ Rxg6 26. Ne5 R6g7 27. Bf1 Nd7 28. Qc3 Re8 29. f4 g4 30. b4 h5 31. b5 axb5 32. axb5 cxb5 33. Qb3 Nf6 34. Bxb5 Reg8 35. Bd3 h4 36. Rec1 Rh7 37. Qb4 Nfe8 38. Qe1 Rh6 39. Qf1 Rh7 40. Qg2 Nf6 41. gxh4 Qe6 42. Rb2 Rc8 1/2-1/2

[Event "It"]
[Site "Leposavic"]
[Date "2003.06.16"]
[Round "4"]
[White "Milanovic, Danilo"]
[Black "Radulski, Julian"]
[Result "0-1"]
[WhiteElo "2429"]
[BlackElo "2493"]
[PlyCount "112"]
[EventDate "2003.06.14"]
[Source "Roberto Alvarez"]
[SourceDate "2003.11.03"]

1. d4 e6 2. c4 f5 3. g3 Nf6 4. Bg2 d5 5. Nh3 c6 6. Qc2 Be7 7. O-O O-O 8. b3 Ne4 9. Bb2 b5 10. cxb5 cxb5 11. f3 Nd6 12. Nd2 Bd7 13. Nf2 Nc6 14. Nd3 Rc8 15. Nc5 f4 16. g4 Bf6 17. Qd3 Nb4 18. Qb1 Qe7 19. a3 Nc6 20. Qd3 Nc4 21. g5 Nxb2 22. gxf6 Qxc5 23. dxc5 Nxd3 24. fxg7 Kxg7 25. exd3 Nd4 26. b4 e5 27. Kf2 Bf5 28. Rg1 Kf6 29. Bf1 a5 30. Be2 Ra8 31. Rgb1 axb4 32. axb4 Nc2 33. Ra5 Rfb8 34. Rb2 Nd4 35. Rba2 Rxa5 36. Rxa5 Nc2 37. Ra6+ Ke7 38. Ra7+ Ke8 39. Nb3 Nxb4 40. d4 Nc6 41. Ra6 Nxd4 42. Nxd4 exd4 43. Rb6 Rc8 44. Bxb5+ Ke7 45. Rb7+ Kf6 46. c6 Ke5 47. Re7+ Kd6 48. Rf7 Bc2 49. Rxf4 Kc5 50. Bf1 Rxc6 51. Ke2 Ra6 52. Kd2 Ra2 53. Rf8 Bg6+ 54. Ke1 d3 55. Bh3 Kd4 56. Bf5 Ke3 0-1